[Event "10. Torneo I. Cidade de Pontevedra 2022"]
[Site "Pontevedra ESP"]
[Date "2022.07.24"]
[Round "1.2"]
[White "Mendonca, Leon Luke"]
[Black "Roque Sola, Jose Luis"]
[Result "1-0"]
[WhiteElo "2567"]
[BlackElo "2098"]
[PlyCount "65"]
[EventDate "2022.07.24"]
[EventType "swiss"]
[EventRounds "9"]
[EventCountry "ESP"]
[SourceTitle "Ajedrez en Madrid"]
[Source "lmi"]
[SourceDate "2022.07.24"]
[SourceVersion "1"]
[SourceVersionDate "2022.08.06"]
[SourceQuality "1"]

1. Nf3 Nf6 2. c4 g6 3. Nc3 d5 4. cxd5 Nxd5 5. h4 h5 6. d4 Bg7 7. e4 Nxc3 8.
bxc3 c5 9. Be3 Nc6 10. Rc1 cxd4 11. cxd4 O-O 12. Qd2 Bg4 13. d5 Bxf3 14. gxf3
Ne5 15. Be2 Qd7 16. Kf1 b5 17. Kg2 Rfc8 18. Bd4 a6 19. Qb2 f6 20. Rxc8+ Rxc8
21. Rc1 Nf7 22. Rxc8+ Qxc8 23. Qc3 Qxc3 24. Bxc3 Bh6 25. Kg3 Nd6 26. Bd3 f5 27.
e5 f4+ 28. Kh3 Nf5 29. Bb4 Kf7 30. a4 bxa4 31. Bc4 Kf8 32. d6 exd6 33. exd6 1-0

[Event "10. Torneo I. Cidade de Pontevedra 2022"]
[Site "Pontevedra ESP"]
[Date "2022.07.24"]
[Round "1.3"]
[White "Patino Romaris, Juan Roberto"]
[Black "Ruck, Robert"]
[Result "1-0"]
[WhiteElo "2093"]
[BlackElo "2544"]
[PlyCount "109"]
[EventDate "2022.07.24"]
[EventType "swiss"]
[EventRounds "9"]
[EventCountry "ESP"]
[SourceTitle "Ajedrez en Madrid"]
[Source "lmi"]
[SourceDate "2022.07.24"]
[SourceVersion "1"]
[SourceVersionDate "2022.08.06"]
[SourceQuality "1"]

1. d4 Nf6 2. c4 e6 3. Nc3 Bb4 4. Nf3 d5 5. Qa4+ Nc6 6. e3 O-O 7. Bd3 a6 8. O-O
dxc4 9. Bxc4 Bd6 10. Rd1 Qe7 11. e4 e5 12. Bg5 Nxd4 13. Nd5 Qd7 14. Nxf6+ gxf6
15. Qxd7 Bxd7 16. Bxf6 c5 17. Nxe5 Be6 18. Bd5 Bxd5 19. exd5 Rfe8 20. Nc4 Bf8
21. Nb6 Ra7 22. Kf1 Bg7 23. Bxg7 Kxg7 24. Rac1 Rd8 25. Rxc5 Nf5 26. a4 a5 27.
Rc7 Nd6 28. Nc4 Nxc4 29. Rxc4 b6 30. d6 Kf6 31. Rc6 Rb7 32. Rd5 Ke6 33. Rh5
Rdd7 34. Rb5 Rxd6 35. Rxd6+ Kxd6 36. h4 Kc6 37. Rh5 Kd6 38. g3 Rc7 39. Rxh7 Ke6
40. Rh5 Rc1+ 41. Kg2 Rc4 42. Rb5 Rxa4 43. Rxb6+ Ke7 44. Kh3 Rd4 45. g4 Rd3+ 46.
Kg2 a4 47. h5 Kf8 48. f3 Kg7 49. Kg3 a3 50. bxa3 Rxa3 51. g5 Ra4 52. Rb7 Kg8
53. f4 Ra5 54. Kg4 Rc5 55. g6 1-0

[Event "10. Torneo I. Cidade de Pontevedra 2022"]
[Site "Pontevedra ESP"]
[Date "2022.07.24"]
[Round "1.4"]
[White "Pulvett Marin, Daniel Eduardo"]
[Black "Vidal del Rio, Manuel"]
[Result "1-0"]
[WhiteElo "2523"]
[BlackElo "2092"]
[PlyCount "51"]
[EventDate "2022.07.24"]
[EventType "swiss"]
[EventRounds "9"]
[EventCountry "ESP"]
[SourceTitle "Ajedrez en Madrid"]
[Source "lmi"]
[SourceDate "2022.07.24"]
[SourceVersion "1"]
[SourceVersionDate "2022.08.06"]
[SourceQuality "1"]

1. d4 d5 2. c4 e6 3. Nf3 Nf6 4. g3 Be7 5. Bg2 O-O 6. O-O dxc4 7. Qc2 a6 8. a4
Bd7 9. Qxc4 Bc6 10. Bf4 Nd5 11. Bd2 Nd7 12. Re1 N5f6 13. Qc2 Be4 14. Qd1 c5 15.
Bc3 Qc7 16. Nbd2 Bg6 17. Ne5 Nxe5 18. dxe5 Nd5 19. Nc4 b6 20. Bxd5 exd5 21.
Qxd5 Rad8 22. Qf3 Qb8 23. Ne3 Rfe8 24. h4 h6 25. e6 Bf8 26. h5 1-0

[Event "10. Torneo I. Cidade de Pontevedra 2022"]
[Site "Pontevedra ESP"]
[Date "2022.07.24"]
[Round "1.5"]
[White "Otero Nogueira, Brais"]
[Black "Galperin, Platon"]
[Result "0-1"]
[WhiteElo "2076"]
[BlackElo "2518"]
[PlyCount "74"]
[EventDate "2022.07.24"]
[EventType "swiss"]
[EventRounds "9"]
[EventCountry "ESP"]
[SourceTitle "Ajedrez en Madrid"]
[Source "lmi"]
[SourceDate "2022.07.24"]
[SourceVersion "1"]
[SourceVersionDate "2022.08.06"]
[SourceQuality "1"]

{[%evp 0,22,19,-12,56,18,18,2,13,13,5,6,0,-19,1,10,6,-30,-25,-16,23,-7,19,-24,
-25]} 1. c4 g6 2. g3 Bg7 3. Bg2 c5 4. Nc3 Nc6 5. Rb1 d6 6. a3 Nh6 7. Nf3 Nf5 8.
b4 Rb8 9. O-O h5 10. h4 b6 11. e3 O-O 12. Nd5 e6 13. Nf4 Bb7 14. d3 Ne5 15. Bb2
Ng4 16. Bxg7 Kxg7 17. Ng5 Qe7 18. Bxb7 Rxb7 19. Qf3 Rd7 20. Rfd1 Rfd8 21. d4
cxd4 22. exd4 Rc8 23. d5 Ne5 24. Qe2 exd5 25. Nxd5 Qe8 26. Ne4 Nxc4 27. Ndf6
Qe6 28. Nxd7 Qxd7 29. Rbc1 Qe6 30. Kg2 Nce3+ 31. fxe3 Qxe4+ 32. Kh2 Re8 33. Qg2
Qxg2+ 34. Kxg2 Nxe3+ 35. Kf3 Nxd1 36. Rxd1 Re6 37. Rc1 Kf6 0-1

[Event "10. Torneo I. Cidade de Pontevedra 2022"]
[Site "Pontevedra ESP"]
[Date "2022.07.24"]
[Round "1.6"]
[White "Mirzoev, Emil"]
[Black "Sixto Puente, Eloy"]
[Result "1/2-1/2"]
[WhiteElo "2493"]
[BlackElo "2071"]
[PlyCount "53"]
[EventDate "2022.07.24"]
[EventType "swiss"]
[EventRounds "9"]
[EventCountry "ESP"]
[SourceTitle "Ajedrez en Madrid"]
[Source "lmi"]
[SourceDate "2022.07.24"]
[SourceVersion "1"]
[SourceVersionDate "2022.08.06"]
[SourceQuality "1"]

1. Nf3 Nf6 2. g3 d5 3. Bg2 c6 4. c4 Bf5 5. d4 e6 6. Nc3 Be7 7. Qb3 Qb6 8. c5
Qxb3 9. axb3 h6 10. b4 O-O 11. h3 Bh7 12. g4 Ne4 13. Bf4 a6 14. Nd2 Nxd2 15.
Kxd2 Nd7 16. e3 Rfe8 17. Bg3 Bf6 18. f4 Rac8 19. Rhf1 Bd8 20. f5 exf5 21. gxf5
Bg5 22. Rac1 Re7 23. h4 Bf6 24. Bd6 Ree8 25. Nxd5 Bxh4 26. Ra1 Bg5 27. Rae1
1/2-1/2

[Event "10. Torneo I. Cidade de Pontevedra 2022"]
[Site "Pontevedra ESP"]
[Date "2022.07.24"]
[Round "1.7"]
[White "Pintor, Simao Maciel Abranc"]
[Black "Manolache, Marius"]
[Result "0-1"]
[WhiteElo "2062"]
[BlackElo "2469"]
[PlyCount "42"]
[EventDate "2022.07.24"]
[EventType "swiss"]
[EventRounds "9"]
[EventCountry "ESP"]
[SourceTitle "Ajedrez en Madrid"]
[Source "lmi"]
[SourceDate "2022.07.24"]
[SourceVersion "1"]
[SourceVersionDate "2022.08.06"]
[SourceQuality "1"]

1. e4 d6 2. d4 Nf6 3. Nc3 g6 4. Bg5 Nc6 5. Nf3 Bg7 6. d5 Nb8 7. Qd2 c6 8. Bh6
Bxh6 9. Qxh6 Qb6 10. O-O-O Bg4 11. e5 dxe5 12. d6 Nbd7 13. dxe7 Qb4 14. Rxd7
Nxd7 15. Qh4 Qf4+ 16. Nd2 Be6 17. Qxf4 exf4 18. Bc4 Kxe7 19. Re1 Rae8 20. Nce4
h6 21. Nf3 Bxc4 0-1

[Event "10. Torneo I. Cidade de Pontevedra 2022"]
[Site "Pontevedra ESP"]
[Date "2022.07.24"]
[Round "1.8"]
[White "Gascon Del Nogal, Jose Rafael"]
[Black "Fernandez Rivero, Karla July"]
[Result "1/2-1/2"]
[WhiteElo "2449"]
[BlackElo "2058"]
[PlyCount "131"]
[EventDate "2022.07.24"]
[EventType "swiss"]
[EventRounds "9"]
[EventCountry "ESP"]
[SourceTitle "Ajedrez en Madrid"]
[Source "lmi"]
[SourceDate "2022.07.24"]
[SourceVersion "1"]
[SourceVersionDate "2022.08.06"]
[SourceQuality "1"]

1. e4 e5 2. Nf3 Nc6 3. Bc4 Nf6 4. d3 Bc5 5. O-O O-O 6. h3 h6 7. Re1 d6 8. c3 a6
9. a4 Ba7 10. Nbd2 Be6 11. Bxe6 fxe6 12. b4 Qe8 13. Nf1 Nh5 14. Ra2 Nf4 15.
Bxf4 Rxf4 16. b5 Ne7 17. d4 Ng6 18. Ng3 axb5 19. axb5 Bb6 20. Rxa8 Qxa8 21. Qb3
Qe8 22. Re3 Kh7 23. Ne2 Rf7 24. Rd3 Nf4 25. Nxf4 Rxf4 26. dxe5 dxe5 27. Rd2 Qg6
28. Nxe5 Qxe4 29. Qc2 Qxc2 30. Rxc2 Rf5 31. Nd7 Rxb5 32. Nf8+ Kg8 33. Nxe6 c6
34. Rd2 Rb1+ 35. Kh2 Re1 36. Nd4 Bxd4 37. Rxd4 Rc1 38. Rd8+ Kf7 39. Rd7+ Kf6
40. Rxb7 Rxc3 41. h4 g6 42. f3 h5 43. Kg3 Rc2 44. Rc7 Kf5 45. Rc8 Ke5 46. Rg8
Kf6 47. Kh3 Rc3 48. Rd8 Kf5 49. Rd6 c5 50. Rb6 c4 51. Rc6 Rc1 52. g4+ Kf4 53.
Rf6+ Ke3 54. Rxg6 Kxf3 55. Rf6+ Ke3 56. gxh5 Rh1+ 57. Kg3 Rg1+ 58. Kh2 Rg8 59.
Rg6 Rh8 60. h6 c3 61. Rc6 Kd2 62. Kg3 c2 63. Rd6+ Ke2 64. Rc6 Kd2 65. Rd6+ Ke2
66. Rc6 1/2-1/2

[Event "10. Torneo I. Cidade de Pontevedra 2022"]
[Site "Pontevedra ESP"]
[Date "2022.07.24"]
[Round "1.9"]
[White "Mosca, Leonildo"]
[Black "Shyaamnikhil, P.."]
[Result "0-1"]
[WhiteElo "2050"]
[BlackElo "2443"]
[PlyCount "72"]
[EventDate "2022.07.24"]
[EventType "swiss"]
[EventRounds "9"]
[EventCountry "ESP"]
[SourceTitle "Ajedrez en Madrid"]
[Source "lmi"]
[SourceDate "2022.07.24"]
[SourceVersion "1"]
[SourceVersionDate "2022.08.06"]
[SourceQuality "1"]

1. e4 c5 2. Nf3 d6 3. h3 Nc6 4. c3 Nf6 5. Bd3 d5 6. e5 Nd7 7. Bb5 Qb6 8. Bxc6
Qxc6 9. O-O e6 10. d4 b6 11. Be3 Be7 12. Nbd2 h6 13. Re1 Ba6 14. Nf1 Qb5 15.
Rb1 Qd3 16. Qxd3 Bxd3 17. Rbc1 O-O 18. Ng3 Rfc8 19. Red1 Bh7 20. Ne1 Nb8 21. f4
cxd4 22. cxd4 Nc6 23. Ne2 Kf8 24. g4 Ke8 25. Nc3 Na5 26. Na4 Nc4 27. Kf2 b5 28.
Nc5 Nxb2 29. Rd2 Nc4 30. Re2 a5 31. Ned3 Rc6 32. Kf3 Rac8 33. Bf2 Bxd3 34. Nxd3
Nxe5+ 35. dxe5 Rxc1 36. Nxc1 Rxc1 0-1

[Event "10. Torneo I. Cidade de Pontevedra 2022"]
[Site "Pontevedra ESP"]
[Date "2022.07.24"]
[Round "1.10"]
[White "Del Rio De Angelis, Salvador G."]
[Black "Pastor Alonso De Prado, Alberto"]
[Result "1-0"]
[WhiteElo "2442"]
[BlackElo "2050"]
[PlyCount "61"]
[EventDate "2022.07.24"]
[EventType "swiss"]
[EventRounds "9"]
[EventCountry "ESP"]
[SourceTitle "Ajedrez en Madrid"]
[Source "lmi"]
[SourceDate "2022.07.24"]
[SourceVersion "1"]
[SourceVersionDate "2022.08.06"]
[SourceQuality "1"]

1. d4 d5 2. c4 e6 3. Nc3 Nf6 4. Bg5 Be7 5. e3 h6 6. Bh4 O-O 7. Nf3 Ne4 8. Bxe7
Qxe7 9. Rc1 Nxc3 10. Rxc3 c6 11. Qb3 b6 12. cxd5 exd5 13. Be2 Bb7 14. O-O Nd7
15. Rfc1 a5 16. Bd3 a4 17. Qd1 Rfd8 18. Bf5 Nf6 19. Ra3 Qb4 20. Qc2 Ra5 21. Ne5
Rd6 22. Rc3 a3 23. Rb3 Qa4 24. Rxb6 axb2 25. Rxb2 Qxc2 26. Rcxc2 Ra7 27. Nd3 g6
28. Bh3 Ba6 29. Nc5 Rd8 30. a4 Bc8 31. Rb8 1-0

[Event "10. Torneo I. Cidade de Pontevedra 2022"]
[Site "Pontevedra ESP"]
[Date "2022.07.24"]
[Round "1.11"]
[White "Andias, Joao Pedro Menezes"]
[Black "Garrido Outon, Alex"]
[Result "0-1"]
[WhiteElo "2045"]
[BlackElo "2436"]
[PlyCount "68"]
[EventDate "2022.07.24"]
[EventType "swiss"]
[EventRounds "9"]
[EventCountry "ESP"]
[SourceTitle "Ajedrez en Madrid"]
[Source "lmi"]
[SourceDate "2022.07.24"]
[SourceVersion "1"]
[SourceVersionDate "2022.08.06"]
[SourceQuality "1"]

1. e4 c5 2. Nf3 d6 3. d4 cxd4 4. Qxd4 Nc6 5. Qe3 Nf6 6. Be2 g6 7. O-O Bg7 8. h3
O-O 9. Rd1 Nd7 10. Nc3 b6 11. b3 Nb4 12. Qd2 Bb7 13. Bb2 Rc8 14. a3 Na6 15. Nd4
Nc7 16. Rab1 Nc5 17. Qe3 a6 18. Bg4 e5 19. Nde2 f5 20. Bf3 Qh4 21. g3 Qxh3 22.
Bg2 Qh5 23. Bf3 f4 24. Qxc5 Qxf3 25. Qxb6 Qh5 26. gxf4 exf4 27. f3 Qxf3 28. Rd3
Qg4+ 29. Kf2 Qh4+ 30. Kf3 Qh3+ 31. Kf2 f3 32. Ng1 Qh2+ 33. Ke3 Bh6+ 34. Kd4
Ne6# 0-1

[Event "10. Torneo I. Cidade de Pontevedra 2022"]
[Site "Pontevedra ESP"]
[Date "2022.07.24"]
[Round "1.12"]
[White "Vignesh, N R.."]
[Black "Vidal Del Rio, Diego"]
[Result "1-0"]
[WhiteElo "2427"]
[BlackElo "2041"]
[PlyCount "20"]
[EventDate "2022.07.24"]
[EventType "swiss"]
[EventRounds "9"]
[EventCountry "ESP"]
[SourceTitle "Ajedrez en Madrid"]
[Source "lmi"]
[SourceDate "2022.07.24"]
[SourceVersion "1"]
[SourceVersionDate "2022.08.06"]
[SourceQuality "1"]

1. d4 Nf6 2. c4 e5 3. dxe5 Ne4 4. Nf3 Bb4+ 5. Nbd2 Nc6 6. a3 Bxd2+ 7. Nxd2 Nxd2
8. Bxd2 Nxe5 9. Bc3 Qe7 10. Qd4 Nf3+ 1-0

[Event "10. Torneo I. Cidade de Pontevedra 2022"]
[Site "Pontevedra ESP"]
[Date "2022.07.24"]
[Round "1.14"]
[White "Martinez Reyes, Pedro Ramon"]
[Black "Blanco Garcia, Liliam Barbara"]
[Result "1-0"]
[WhiteElo "2408"]
[BlackElo "2031"]
[PlyCount "97"]
[EventDate "2022.07.24"]
[EventType "swiss"]
[EventRounds "9"]
[EventCountry "ESP"]
[SourceTitle "Ajedrez en Madrid"]
[Source "lmi"]
[SourceDate "2022.07.24"]
[SourceVersion "1"]
[SourceVersionDate "2022.08.06"]
[SourceQuality "1"]

1. e4 e5 2. Nf3 Nc6 3. Bb5 a6 4. Ba4 Nf6 5. Bxc6 dxc6 6. d3 Nd7 7. Nbd2 Be7 8.
Nc4 f6 9. Nh4 O-O 10. Nf5 Nc5 11. Nxe7+ Qxe7 12. O-O Ne6 13. Bd2 Bd7 14. a4 c5
15. a5 Rad8 16. Kh1 Nd4 17. f4 Be6 18. b3 Bxc4 19. bxc4 f5 20. exf5 exf4 21.
Rxf4 Qe5 22. Rb1 Rxf5 23. Rxf5 Qxf5 24. Be3 Rf8 25. Bg1 Qe5 26. Rxb7 Ne2 27.
Qe1 Re8 28. Rb1 Qh5 29. h3 Qg6 30. Bh2 h5 31. Qf2 Nd4 32. Qg3 Qf6 33. Qxc7 Re2
34. Qxc5 Rf2 35. Rb8+ Kh7 36. Qxh5+ Qh6 37. Qxh6+ gxh6 38. Be5 Nc6 39. Rb7+ Kg8
40. Bc7 Rf7 41. c3 Kg7 42. c5 Nxa5 43. Bxa5 Rxb7 44. c6 Rb8 45. d4 Kg6 46. d5
Kf5 47. d6 Ke6 48. d7 Ke7 49. Kh2 1-0

[Event "10. Torneo I. Cidade de Pontevedra 2022"]
[Site "Pontevedra ESP"]
[Date "2022.07.24"]
[Round "1.15"]
[White "Alvarez Dominguez, Breixo"]
[Black "Bernal Moro, Luis Javier"]
[Result "0-1"]
[WhiteElo "2026"]
[BlackElo "2404"]
[PlyCount "36"]
[EventDate "2022.07.24"]
[EventType "swiss"]
[EventRounds "9"]
[EventCountry "ESP"]
[SourceTitle "Ajedrez en Madrid"]
[Source "lmi"]
[SourceDate "2022.07.24"]
[SourceVersion "1"]
[SourceVersionDate "2022.08.06"]
[SourceQuality "1"]

1. d4 Nf6 2. c4 g6 3. f3 d6 4. e4 c5 5. Ne2 Bg7 6. Be3 Qa5+ 7. Nbc3 Nc6 8. Qd2
O-O 9. O-O-O a6 10. Kb1 Rd8 11. dxc5 dxc5 12. Nd5 Nxd5 13. cxd5 Nb4 14. a3 Rxd5
15. Qe1 Rxd1+ 16. Qxd1 Be6 17. Nc1 Nc6 18. Qc2 Nd4 0-1

[Event "10. Torneo I. Cidade de Pontevedra 2022"]
[Site "Pontevedra ESP"]
[Date "2022.07.24"]
[Round "1.16"]
[White "Alvarez Pampillon, Antonio"]
[Black "Grieve, Harry"]
[Result "0-1"]
[WhiteElo "2019"]
[BlackElo "2390"]
[PlyCount "52"]
[EventDate "2022.07.24"]
[EventType "swiss"]
[EventRounds "9"]
[EventCountry "ESP"]
[SourceTitle "Ajedrez en Madrid"]
[Source "lmi"]
[SourceDate "2022.07.24"]
[SourceVersion "1"]
[SourceVersionDate "2022.08.06"]
[SourceQuality "1"]

1. c4 e6 2. g3 d5 3. Bg2 c6 4. Nf3 dxc4 5. O-O Nf6 6. Qc2 b5 7. a4 Bb7 8. b3
cxb3 9. Qxb3 b4 10. d4 Nbd7 11. Nfd2 Be7 12. a5 Qc8 13. e4 O-O 14. Re1 Re8 15.
Bb2 c5 16. d5 exd5 17. exd5 Bf8 18. Rxe8 Nxe8 19. Nc4 Nef6 20. Qd3 Qe8 21. Nbd2
Rd8 22. Kf1 Ng4 23. Qf5 Ndf6 24. Re1 Nxh2+ 25. Kg1 Qxe1+ 26. Kxh2 Bc8 0-1

[Event "10. Torneo I. Cidade de Pontevedra 2022"]
[Site "Pontevedra ESP"]
[Date "2022.07.24"]
[Round "1.17"]
[White "Medarde Santiago, Luis Marcos"]
[Black "Baldus Martin, Juan"]
[Result "1-0"]
[WhiteElo "2330"]
[BlackElo "2007"]
[PlyCount "65"]
[EventDate "2022.07.24"]
[EventType "swiss"]
[EventRounds "9"]
[EventCountry "ESP"]
[SourceTitle "Ajedrez en Madrid"]
[Source "lmi"]
[SourceDate "2022.07.24"]
[SourceVersion "1"]
[SourceVersionDate "2022.08.06"]
[SourceQuality "1"]

1. e4 e6 2. d4 d5 3. Nd2 c5 4. Ngf3 cxd4 5. Nxd4 Nc6 6. Bb5 Bd7 7. Nxc6 bxc6 8.
Bd3 Bd6 9. Qe2 e5 10. O-O Nf6 11. exd5 cxd5 12. c4 O-O 13. cxd5 Nxd5 14. Nc4
Bb5 15. Rd1 Bxc4 16. Bxc4 Nf6 17. Bg5 Qe7 18. Rac1 Rad8 19. Bb3 h6 20. Bh4 Bb8
21. Re1 Qd6 22. Bg3 Qd2 23. Bxe5 Bxe5 24. Qxe5 Ng4 25. Qg3 Rfe8 26. Rf1 Nf6 27.
Rc7 Rd7 28. Rxd7 Nxd7 29. Qc7 Re1 30. h3 Rxf1+ 31. Kxf1 Qd3+ 32. Kg1 Qd4 33.
Qd8+ 1-0

[Event "10. Torneo I. Cidade de Pontevedra 2022"]
[Site "Pontevedra ESP"]
[Date "2022.07.24"]
[Round "1.18"]
[White "Martinez Garcia, Ruben"]
[Black "Fernandez Lopez, Ruben"]
[Result "0-1"]
[WhiteElo "1992"]
[BlackElo "2324"]
[PlyCount "74"]
[EventDate "2022.07.24"]
[EventType "swiss"]
[EventRounds "9"]
[EventCountry "ESP"]
[SourceTitle "Ajedrez en Madrid"]
[Source "lmi"]
[SourceDate "2022.07.24"]
[SourceVersion "1"]
[SourceVersionDate "2022.08.06"]
[SourceQuality "1"]

1. e4 c5 2. Nf3 d6 3. d4 cxd4 4. Nxd4 Nf6 5. Nc3 Nc6 6. Bc4 e6 7. Be3 Be7 8.
O-O O-O 9. Qe2 Bd7 10. Rad1 a6 11. a4 Rc8 12. f4 Qc7 13. Ba2 Nxd4 14. Bxd4 e5
15. fxe5 dxe5 16. Nd5 Nxd5 17. exd5 Bd6 18. Bc3 Bxa4 19. Rfe1 Rce8 20. Qe4 Bd7
21. Bb4 Qb6+ 22. Kh1 Qxb4 23. c4 f5 24. Qc2 b6 25. Re3 f4 26. Rc3 Ba4 27. b3
Bd7 28. c5 bxc5 29. Rc4 Qb6 30. b4 Rc8 31. bxc5 Rxc5 32. Rb1 Rxc4 33. Qxc4 Bb5
34. Qe4 Qe3 35. Qc2 f3 36. Bc4 fxg2+ 37. Kxg2 Qf3+ 0-1

[Event "10. Torneo I. Cidade de Pontevedra 2022"]
[Site "Pontevedra ESP"]
[Date "2022.07.24"]
[Round "1.20"]
[White "Bastos Gonzalez, Gonzalo"]
[Black "Rey Malde, Henrique"]
[Result "0-1"]
[WhiteElo "1946"]
[BlackElo "2297"]
[PlyCount "64"]
[EventDate "2022.07.24"]
[EventType "swiss"]
[EventRounds "9"]
[EventCountry "ESP"]
[SourceTitle "Ajedrez en Madrid"]
[Source "lmi"]
[SourceDate "2022.07.24"]
[SourceVersion "1"]
[SourceVersionDate "2022.08.06"]
[SourceQuality "1"]

1. Nf3 c5 2. c4 Nc6 3. d4 cxd4 4. Nxd4 e6 5. Nc3 Qb6 6. Ndb5 a6 7. Be3 Qa5 8.
Nd6+ Bxd6 9. Qxd6 Nge7 10. g3 Nf5 11. Qd2 Nxe3 12. Qxe3 b5 13. cxb5 axb5 14.
Qc5 b4 15. Qxa5 Rxa5 16. Ne4 f5 17. Nd6+ Ke7 18. Nc4 Ra7 19. a4 Nd4 20. O-O-O
Bb7 21. Rg1 Nb3+ 22. Kc2 Nc5 23. b3 Bd5 24. Nd2 Rc8 25. Kb2 Bxb3 26. Nxb3 Nxa4+
27. Kb1 Nc3+ 28. Kc1 Nxe2+ 29. Kd2 Ra2+ 30. Ke3 Rc3+ 31. Rd3 Rxd3+ 32. Kxd3
Nxg1 0-1

[Event "10. Torneo I. Cidade de Pontevedra 2022"]
[Site "Pontevedra ESP"]
[Date "2022.07.24"]
[Round "1.21"]
[White "Krutti, Valer"]
[Black "Cabanas Rodriguez, Roi"]
[Result "1/2-1/2"]
[WhiteElo "2292"]
[BlackElo "1945"]
[PlyCount "52"]
[EventDate "2022.07.24"]
[EventType "swiss"]
[EventRounds "9"]
[EventCountry "ESP"]
[SourceTitle "Ajedrez en Madrid"]
[Source "lmi"]
[SourceDate "2022.07.24"]
[SourceVersion "1"]
[SourceVersionDate "2022.08.06"]
[SourceQuality "1"]

1. Nf3 c5 2. c4 g6 3. e4 Nc6 4. d4 cxd4 5. Nxd4 Nf6 6. Nc3 d6 7. Be2 Nxd4 8.
Qxd4 Bg7 9. Bg5 O-O 10. Qd2 Be6 11. Rc1 a5 12. O-O a4 13. f3 Qa5 14. Nd5 Qxd2
15. Nxe7+ Kh8 16. Bxd2 Rfe8 17. Nd5 Nxd5 18. cxd5 Bxd5 19. Bb5 Re5 20. Bxa4
Bxa2 21. b3 Rc5 22. Be3 b5 23. Bxc5 bxa4 24. Bxd6 axb3 25. e5 b2 26. Rce1 f6
1/2-1/2

[Event "10. Torneo I. Cidade de Pontevedra 2022"]
[Site "Pontevedra ESP"]
[Date "2022.07.24"]
[Round "1.22"]
[White "Victor, Julian"]
[Black "Aguilera Lopez, Alejandro"]
[Result "0-1"]
[WhiteElo "1944"]
[BlackElo "2219"]
[PlyCount "98"]
[EventDate "2022.07.24"]
[EventType "swiss"]
[EventRounds "9"]
[EventCountry "ESP"]
[SourceTitle "Ajedrez en Madrid"]
[Source "lmi"]
[SourceDate "2022.07.24"]
[SourceVersion "1"]
[SourceVersionDate "2022.08.06"]
[SourceQuality "1"]

1. d4 Nf6 2. c4 e6 3. Nf3 b6 4. g3 Ba6 5. b3 d5 6. Bg2 c6 7. O-O Nbd7 8. Nbd2
Rc8 9. Bb2 Be7 10. Re1 O-O 11. e4 dxe4 12. Nxe4 Nxe4 13. Rxe4 Nf6 14. Re3 Qc7
15. Ne5 Bb7 16. Rd3 Rfd8 17. Rc1 Nd7 18. Ng4 f5 19. Ne3 Bf6 20. Qd2 g6 21. Bc3
e5 22. dxe5 Nxe5 23. Bxe5 Qxe5 24. Rd1 Rxd3 25. Qxd3 Rc7 26. b4 Bc8 27. Qd6
Qxd6 28. Rxd6 Be7 29. Rxc6 Rxc6 30. Bxc6 Bxb4 31. Kf1 Bc5 32. Ke2 Kf7 33. Kd3
g5 34. f4 h6 35. Bf3 Bd6 36. Nd5 Be6 37. h3 Bc5 38. fxg5 hxg5 39. g4 Bd7 40.
Ne3 f4 41. Nd5 Ke6 42. Kc3 Ke5 43. Kd3 b5 44. Nc3 b4 45. Ne2 Be8 46. Be4 a5 47.
Nc1 a4 48. Ne2 Bf7 49. Nc1 Be3 0-1

[Event "10. Torneo I. Cidade de Pontevedra 2022"]
[Site "Pontevedra ESP"]
[Date "2022.07.24"]
[Round "1.23"]
[White "Mahitosh, Dey"]
[Black "Macqueron, Gregory"]
[Result "1-0"]
[WhiteElo "2212"]
[BlackElo "1936"]
[PlyCount "129"]
[EventDate "2022.07.24"]
[EventType "swiss"]
[EventRounds "9"]
[EventCountry "ESP"]
[SourceTitle "Ajedrez en Madrid"]
[Source "lmi"]
[SourceDate "2022.07.24"]
[SourceVersion "1"]
[SourceVersionDate "2022.08.06"]
[SourceQuality "1"]

1. Nf3 Nf6 2. d4 d6 3. Bf4 g6 4. c3 Bg7 5. h3 O-O 6. Nbd2 Nfd7 7. e4 e5 8. dxe5
dxe5 9. Be3 Nc6 10. Qc2 Qe7 11. b4 b6 12. Bd3 Bb7 13. O-O Rae8 14. Rfe1 Nd8 15.
a4 a6 16. Nb3 Ne6 17. Nfd2 Nf4 18. Bf1 Qd8 19. c4 Nb8 20. b5 f5 21. c5 Nxh3+
22. gxh3 f4 23. c6 Qg5+ 24. Bg2 fxe3 25. Rxe3 Bc8 26. Rg3 Qe7 27. Rd1 Rf4 28.
Nc1 Be6 29. Nd3 Rf7 30. Nc4 Ref8 31. Rf1 Qh4 32. Kh2 Qh5 33. Qc3 Bxc4 34. Qxc4
axb5 35. axb5 Kh8 36. Qc2 Bh6 37. Qb2 Bg7 38. Kg1 Rd8 39. Nb4 Bf8 40. Nd5 Bc5
41. Kh1 Bd4 42. Qd2 Rdf8 43. f4 Qh6 44. Rgf3 Bc5 45. Qc3 Bd4 46. Qd3 Qg7 47.
fxe5 Bxe5 48. Rxf7 Rxf7 49. Rxf7 Qxf7 50. Qf3 Qxf3 51. Bxf3 Kg7 52. Kg2 Kf7 53.
Bg4 h5 54. Bc8 h4 55. Kf3 Bd6 56. Kg4 Bg3 57. Kg5 Bd6 58. Kxh4 Be5 59. Kg5 Bd6
60. Ne3 Be7+ 61. Kf4 Bd8 62. e5 Bh4 63. Nd5 Bd8 64. Nb4 Be7 65. Na6 1-0

[Event "10. Torneo I. Cidade de Pontevedra 2022"]
[Site "Pontevedra ESP"]
[Date "2022.07.24"]
[Round "1.24"]
[White "Sanroman Costas, Mauro"]
[Black "Contin, Daniel"]
[Result "1/2-1/2"]
[WhiteElo "1934"]
[BlackElo "2206"]
[PlyCount "133"]
[EventDate "2022.07.24"]
[EventType "swiss"]
[EventRounds "9"]
[EventCountry "ESP"]
[SourceTitle "Ajedrez en Madrid"]
[Source "lmi"]
[SourceDate "2022.07.24"]
[SourceVersion "1"]
[SourceVersionDate "2022.08.06"]
[SourceQuality "1"]

1. e4 e6 2. Nf3 d5 3. e5 Bd7 4. c4 dxc4 5. Bxc4 b5 6. Be2 c5 7. a4 bxa4 8. Nc3
Nc6 9. Bb5 Rb8 10. Bxa4 Rb4 11. Qe2 Nh6 12. Bc2 Nf5 13. Bxf5 exf5 14. d3 Nd4
15. Nxd4 cxd4 16. Nb1 Bc5 17. O-O O-O 18. Nd2 Bc6 19. Nf3 Qd5 20. Qc2 Rc8 21.
Ra5 Bb7 22. Bd2 Rb6 23. Rc1 Rbc6 24. b4 Bb6 25. Qxc6 Qxc6 26. Rxc6 Bxc6 27. Ra1
Bb5 28. Ne1 Kf8 29. f4 Ke7 30. Kf2 Ke6 31. Rc1 Rg8 32. Ke2 h6 33. Nf3 Re8 34.
Be1 Kd5 35. h4 f6 36. h5 Re6 37. Bd2 Be8 38. Rh1 Bc7 39. Rc1 Bb6 40. Rh1 Bc7
41. Rc1 Bd6 42. Rc4 fxe5 43. fxe5 Bxe5 44. Rc5+ Kd6 45. Kf2 Bf6 46. Rxf5 Ke7
47. Rc5 Rc6 48. Rd5 Rd6 49. Ra5 a6 50. b5 Bxb5 51. Bb4 Ke6 52. Bxd6 Kxd6 53.
Ke2 Kc5 54. Kd2 Kb6 55. Ra1 a5 56. Kc2 a4 57. g4 Kc5 58. Nd2 Kb6 59. Rb1 Ka6
60. Nc4 Be7 61. Kb2 Bb4 62. Ka2 Bxc4+ 63. dxc4 Ka5 64. Rd1 Bc5 65. Rb1 Bb4 66.
Rd1 Bc5 67. Rb1 1/2-1/2